Drug Delivery and Targeting: for pharmacicsts and Pharmaceutical scientists (Record no. 1097)

MARC details
000 -LEADER
fixed length control field 00652nam a22002057a 4500
003 - CONTROL NUMBER IDENTIFIER
control field OSt
005 - DATE AND TIME OF LATEST TRANSACTION
control field 20170405145915.0
008 - FIXED-LENGTH DATA ELEMENTS--GENERAL INFORMATION
fixed length control field 150226b xxu||||| |||| 00| 0 eng d
020 ## - INTERNATIONAL STANDARD BOOK NUMBER
International Standard Book Number 0415271983
040 ## - CATALOGING SOURCE
Transcribing agency lcd
082 ## - DEWEY DECIMAL CLASSIFICATION NUMBER
Classification number QV 736 D842a 2001
100 ## - MAIN ENTRY--PERSONAL NAME
Personal name Edited by Anya, M.Hillery; Andrew W. Lioyd; James Swarbrick
9 (RLIN) 12059
245 ## - TITLE STATEMENT
Title Drug Delivery and Targeting: for pharmacicsts and Pharmaceutical scientists
260 ## - PUBLICATION, DISTRIBUTION, ETC. (IMPRINT)
Place of publication, distribution, etc. London:
Name of publisher, distributor, etc. taylor and francis;
Date of publication, distribution, etc. 2001.
300 ## - PHYSICAL DESCRIPTION
Extent xv, 475p :
Other physical details col.ill;
Dimensions 27 cm.
504 ## - BIBLIOGRAPHY, ETC. NOTE
Bibliography, etc References, appendix, & index included
650 ## - SUBJECT ADDED ENTRY--TOPICAL TERM
Topical term or geographic name as entry element Drug delivery
9 (RLIN) 2973
650 ## - SUBJECT ADDED ENTRY--TOPICAL TERM
Topical term or geographic name as entry element Pharmacy
9 (RLIN) 12060
942 ## - ADDED ENTRY ELEMENTS (KOHA)
Source of classification or shelving scheme Other/Generic Classification Scheme
Koha item type Short Loan
Holdings
Withdrawn status Lost status Source of classification or shelving scheme Damaged status Not for loan Home library Current library Date acquired Source of acquisition Inventory number Total Checkouts Full call number Barcode Date last seen Koha item type
    Other/Generic Classification Scheme     MUST Main Library MUST Main Library 26/02/2015   06/28033   QV 736 D842a 2001 2015-0382 26/02/2015 Short Loan
    Other/Generic Classification Scheme     Pharmacy Department Library Pharmacy Department Library 05/04/2017   11/00056   QV 736 D842a 2001 2017-0741 05/04/2017 Short Loan
    Other/Generic Classification Scheme     Pharmacy Department Library Pharmacy Department Library 05/04/2017   11/00115   QV 736 D842a 2001 2017-0742 05/04/2017 Short Loan